DB2 Design and Development Guide

Na minha lista:
Detalhes bibliográficos
Autor principal: Wiorkowski, Gabrielle
Outros Autores: Kull, David
Formato: Livro
Idioma:inglês
Publicado em: Reading Addison-Wesley Pub. Co. 1990
Edição:2. ed.
Tags: Adicionar Tag
Sem tags, seja o primeiro a adicionar uma tag!

MARC

LEADER 00000nam a2200000 4500
001 c040256
005 20221215113528.8
041 0 |a eng 
044 |a US 
245 1 0 |a DB2  |b Design and Development Guide  |c Gabrielle Wiorkowski, David Kull 
250 |a 2. ed. 
264 1 |a Reading  |b Addison-Wesley Pub. Co.  |c 1990 
300 |a 461 s. 
100 1 |a Wiorkowski, Gabrielle 
700 1 |a Kull, David